| 000 | 00512cam a22002171 4500 | ||
|---|---|---|---|
| 001 | sa 62001291 | ||
| 003 | DLC | ||
| 005 | 20260227111918.0 | ||
| 008 | 910926s1962 ii 000 0 hino | ||
| 010 | _asa 62001291 | ||
| 035 | _a(OCoLC)24460041 | ||
| 040 |
_aDLC _cWaU _dDLC |
||
| 042 | _apremarc | ||
| 050 | 0 | 0 |
_aPK2098.O5 _bM3 |
| 100 | 0 |
_aOnkarnath Dinkar, _d1912- |
|
| 245 | 1 | 0 | _aMayūra phira nāca uṭhe. |
| 260 | _c[1962] | ||
| 300 |
_a144 p. _c19 cm. |
||
| 500 | _aIn Hindi. | ||
| 500 | _aA play. | ||
| 999 |
_c53255 _d53255 |
||